| 000 | 00362nam a2200133Ia 4500 | ||
|---|---|---|---|
| 008 | 191014s9999 xx 000 0 und d | ||
| 020 | _aLC 68-12916 | ||
| 082 |
_a530.12308 _bDER |
||
| 100 |
_aB.L.Van Der Waerden _920297 |
||
| 245 | 0 | _aSources of Quantum Mechanics | |
| 260 |
_aAmsterdam _bNorth Holland Publishing.co _c1967 |
||
| 300 | _aXi,430 | ||
| 942 | _cBK | ||
| 999 |
_c530868 _d530868 |
||